Szczegóły MARC21

Bausteine zur Wissenschaftsgeschichte von Dialektologie - Germanistischer Sprachwissenschaft im 19. und 20. Jahrhundert : Beiträge zum 2. Kongress der Internationalen Gesellschaft für Dialektologie der Deutschen, Wien, 20.-23. September 2006 /

003 -Nazwa inst., której nr kontr. jest w polu 001 [,]
    • @
    • Nazwa instytucji, której n kontrolny jest w polu 001
    • NUKAT
005 -DATA I CZAS OSTATNIEJ MODYFIKACJI [,]
    • @
    • pole kontrolne
    • 20241231100334.0
020 -Międzynarod. znormalizowany nr książki - ISBN [ , ]
    • a
    • Numer ISBN
    • 9783706904001 Find
040 -Instytucja sporządzająca opis [ , ]
    • a
    • Instytucja, która sporządziła opis (NP)
    • KR U/JAF
    • b
    • Język katalogowania
    • pol
    • e
    • Zasady katalogowania
    • rda
    • c
    • Instytucja, która sporządziła rekord (NP)
    • KR U/JAFs
    • d
    • Instytucja, która zmodyfikowała rekord (P)
    • SZCZ U/JS
942 -Rodzaj dokumentu [ , ]
    • c
    • Rodzaj dokumentu
    • Książka
111 -Hasło główne - nazwa imprezy [2, ]
    • a
    • Nazwa imprezy (NP)
    • Kongress der Internationalen Gesellschaft für Dialektologie des Deutschen Find
    • n
    • Numer imprezy (P)
    • (2 ;
    • d
    • Data imprezy (NP)
    • 2006 ;
    • c
    • Miejsce imprezy (NP)
    • Wiedeń).
    • 9
    • KHW
    • 494855
245 -Strefa tytułu i oznaczenia odpowiedzialności [1,0]
    • a
    • Tytuł
    • Bausteine zur Wissenschaftsgeschichte von Dialektologie - Germanistischer Sprachwissenschaft im 19. und 20. Jahrhundert : Find
    • b
    • Ciąg dalszy tytułu (NP)
    • Beiträge zum 2. Kongress der Internationalen Gesellschaft für Dialektologie der Deutschen, Wien, 20.-23. September 2006 / Find
    • c
    • Pozostałe elementy strefy tytułu i oznaczenia odpowiedzialności (NP)
    • Peter Ernst (Herausgeber).
246 -Wariant tytułu [3,0]
    • a
    • Tytuł (NP)
    • Beiträge zum 2. Kongress der Internationalen Gesellschaft für Dialektologie der Deutschen, Wien, 20.-23. September 2006
260 -Strefa adresu wydawniczego [ , ]
    • a
    • Miejsce wydania (P)
    • Wien :
    • b
    • Nazwa wydawcy (P)
    • Praesens Verlag,
    • c
    • Data wydania (P)
    • © 2008.
300 -Strefa opisu fizycznego [ , ]
    • a
    • Określenie formy książki i/lub objętość (NP)
    • 132 strony :
    • b
    • Oznaczenie ilustracji (NP)
    • ilustracje ;
    • c
    • Format (NP)
    • 21 cm.
336 -Typ zawartości [ , ]
    • a
    • Termin opisujący typ zawartości
    • Tekst
    • b
    • Kod określający zawartość
    • txt
    • 2
    • Źródło (terminu i kodu)
    • rdacontent
337 -Typ mediów [ , ]
    • a
    • Tryb odtwarzania
    • Bez urządzenia pośredniczącego
    • b
    • Kod typu mediów
    • n
    • 2
    • Źródło (terminu i kodu)
    • rdamedia
338 -Typ/rodzaj nośnika [ , ]
    • a
    • Hasło opisujące typ nośnika
    • Wolumin
    • b
    • Kod typu nośnika
    • nc
    • 2
    • Źródło (terminu i kodu)
    • rdacarrier
504 -Uwaga dot. bibliogr. załącznikowej [ , ]
    • a
    • Uwaga dot. bibliografii załącznikowej
    • Bibliografia przy pracach.
650 -Hasło przedmiotowe [ ,7]
    • a
    • Hasło przedmiotowe
    • Język niemiecki
    • y
    • Określnik chronologiczny
    • 1990-
    • x
    • Określnik rzeczowy
    • dialekty
    • z
    • Określnik geograficzny
    • Niemcy
    • v
    • Określnik formalny
    • konferencje.
    • 2
    • Źródło terminu
    • kaba
    • 9
    • KHW
    • 499159
650 -Hasło przedmiotowe [ ,7]
    • a
    • Hasło przedmiotowe
    • Język niemiecki
    • y
    • Określnik chronologiczny
    • 1990-
    • x
    • Określnik rzeczowy
    • dialekty
    • z
    • Określnik geograficzny
    • Szwajcaria
    • v
    • Określnik formalny
    • konferencje.
    • 2
    • Źródło terminu
    • kaba
    • 9
    • KHW
    • 499160
650 -Hasło przedmiotowe [ ,7]
    • a
    • Hasło przedmiotowe
    • Język niemiecki
    • y
    • Określnik chronologiczny
    • 1990-
    • x
    • Określnik rzeczowy
    • normalizacja
    • z
    • Określnik geograficzny
    • Niemcy
    • v
    • Określnik formalny
    • konferencje.
    • 2
    • Źródło terminu
    • kaba
    • 9
    • KHW
    • 499161
650 -Hasło przedmiotowe [ ,7]
    • a
    • Hasło przedmiotowe
    • Język niemiecki
    • y
    • Określnik chronologiczny
    • 1990-
    • x
    • Określnik rzeczowy
    • normalizacja
    • z
    • Określnik geograficzny
    • Szwajcaria
    • v
    • Określnik formalny
    • konferencje.
    • 2
    • Źródło terminu
    • kaba
    • 9
    • KHW
    • 499162
700 -Hasło dodatkowe - nazwa osobowa [1, ]
    • a
    • Nazwa osobowa (NP)
    • Ernst, Peter Find
    • d
    • Daty biograficzne (NP)
    • (1961- ).
    • e
    • Określenie rodzaju współpracy
    • Redakcja
    • 9
    • KHW
    • 459867
710 -Hasło dodatkowe - nazwa ciała zbiorowego [2, ]
    • a
    • Nazwa ciała zbiorowego lub nazwa geograficzna jako pierwszy element (NP)
    • Praesens Verlag.
    • e
    • Rodzaj współpracy
    • Wydawca
    • 4
    • Kod relacji
    • pbl
    • 9
    • KHW
    • 457188
920 -ISBN [ , ]
    • a
    • ISBN
    • 978-3-7069-0400-1 Find
Sygnatura Numer inwentarzowy Status udost. Lokalizacja Data inwentaryzacji
Germ. Konferencje 12BC.12800-3BM2019-07-17